000 01026nam a22003017a 4500
003 CHAP
005 20220329134314.0
008 971013s1979 r 00010 d
010 _a18458
011 _a19430
035 _a23515
040 _cCHAP
082 _a634.9
_bC4
110 _aCentro Agronómico Tropical de Investigación y Enseñanza. Turrialba, C.R.
_921046
245 _aSistemas agroforestales en América Latina
_b: taller
260 _aTurrialba, C.R. :
_bEl centro,
_c1979
300 _a226 p.
_b: gráfs.
590 _aBATCH-UPD
_b10
_c20130110
_lUCH01
_h1937
590 _aBATCH-UPD
_b10
_c20130410
_lUCH01
_h1301
590 _aBATCH-UPD
_b10
_c20130914
_lUCH01
_h0709
590 _aCONVERSION
_b10
_c20130109
_lUCH01
_h1311
650 1 4 _aBosques
_xAmérica Latina.
_914052
650 1 4 _aSistemas de cultivo.
_9106746
901 _aBK
942 _cLIBRO
949 _a634.9 C4
_bBC
_cLIBRO
_d33724000221909
_eLIBRO
_h27806
_i23515
_si
949 _a634.9 C4
_bBC
_cLIBRO
_d33724000221917
_eLIBRO
_fc.2
_h29623
_i23515
_si
999 _c18458
_d18458